[Event "BEL-chT 1819"]
[Site "Belgium"]
[Date "2019.03.17"]
[Round "9.7"]
[White "Blom, Vincent"]
[Black "Maes, Valeer"]
[Result "1-0"]
[WhiteElo "2270"]
[BlackElo "2100"]
[PlyCount "95"]
[EventDate "2018.09.30"]
[EventType "team-tourn"]
[EventRounds "11"]
[EventCountry "BEL"]
[SourceTitle "CBM 189 Extra"]
[Source "ChessBase"]
[SourceDate "2019.05.31"]
[SourceVersion "1"]
[SourceVersionDate "2019.05.31"]
[SourceQuality "1"]
[WhiteTeam "Wachtebeke"]
[BlackTeam "KSK47 Eynatten"]
[WhiteTeamCountry "BEL"]
[BlackTeamCountry "BEL"]

1. d4 e6 2. Nf3 Nf6 3. Bg5 Be7 4. Nbd2 d5 5. e3 Nbd7 6. Bd3 c5 7. c3 0-0 8. 0-0 b6 9. Qc2 h6 10. Bh4 Bb7 11. a4 a6 12. Bg3 Rc8 13. h3 Kh8 14. Bh2 Ra8 15. Rfe1 Qc8 16. g4 c4 17. Be2 Nh7 18. Bf1 f5 19. Bg2 Qe8 20. Rf1 Qf7 21. Ne5 Nxe5 22. Bxe5 Rac8 23. f4 Kg8 24. Kh2 Nf6 25. gxf5 exf5 26. Qxf5 Ne4 27. Qxf7+ Rxf7 28. Nxe4 dxe4 29. Rg1 Bd5 30. Bf1 Rc6 31. Be2 Bf6 32. Rg2 Kf8 33. Rag1 Rb7 34. Bxf6 Rxf6 35. Rg6 b5 36. Rxf6+ gxf6 37. axb5 Rxb5 38. Rb1 a5 39. Bd1 Be6 40. Kg3 Rb7 41. Ba4 Rb6 42. f5 Bxf5 43. Rf1 Bg6 44. Rf2 Ke7 45. Kf4 f5 46. Ke5 Bf7 47. d5 Rd6 48. Bc6 1-0

[Event "BEL-chT 1617"]
[Site "Belgium"]
[Date "2016.10.16"]
[Round "2.7"]
[White "Goormachtigh, Johan"]
[Black "Maes, Valeer"]
[Result "1/2-1/2"]
[WhiteElo "2160"]
[BlackElo "2102"]
[PlyCount "90"]
[EventDate "2016.10.02"]
[EventType "team-tourn"]
[EventRounds "11"]
[EventCountry "BEL"]
[SourceTitle "EXT 2017"]
[Source "ChessBase"]
[SourceDate "2016.10.25"]
[SourceVersion "1"]
[SourceVersionDate "2016.10.25"]
[SourceQuality "1"]
[WhiteTeam "KGSRL"]
[BlackTeam "Wirtzfeld"]
[WhiteTeamCountry "BEL"]
[BlackTeamCountry "BEL"]

1. d4 e6 2. c4 Bb4+ 3. Bd2 Bxd2+ 4. Qxd2 d5 5. e3 Nf6 6. Nc3 0-0 7. Nf3 Qe7 8. Rc1 Rd8 9. Be2 dxc4 10. Bxc4 c5 11. 0-0 Nc6 12. Rfd1 cxd4 13. Nxd4 Nxd4 14. exd4 Bd7 15. Qe2 Re8 16. d5 exd5 17. Qxe7 Rxe7 18. Bxd5 Bf5 19. Bf3 a6 20. Rd6 Rc8 21. Rcd1 h6 22. h3 Rcc7 23. Rxf6 gxf6 24. Nd5 Be6 25. Nxe7+ Rxe7 26. Rd8+ Kg7 27. a3 Rc7 28. Rb8 b5 29. Rb6 Rc1+ 30. Kh2 Rc2 31. b4 Rxf2 32. Rxa6 Ra2 33. Ra5 Bc4 34. Bc6 Kg6 35. Bxb5 Bxb5 36. Rxb5 Rxa3 37. h4 h5 38. Kg1 Ra2 39. Rc5 Rb2 40. b5 f5 41. Rc6+ f6 42. Rc5 f4 43. Rd5 Kh6 44. Kf1 Kg6 45. Rc5 Kh6 1/2-1/2

[Event "WchT Seniors 65"]
[Site "Radebeul"]
[Date "2016.07.03"]
[Round "8.2"]
[White "Blechzin, Igor"]
[Black "Maes, Valeer"]
[Result "1/2-1/2"]
[WhiteElo "2349"]
[BlackElo "2084"]
[PlyCount "42"]
[EventDate "2016.06.26"]
[EventType "team-swiss"]
[EventRounds "9"]
[EventCountry "GER"]
[SourceTitle "CBM 173 Extra"]
[Source "ChessBase"]
[SourceDate "2016.08.29"]
[SourceVersion "1"]
[SourceVersionDate "2016.08.29"]
[SourceQuality "1"]
[WhiteTeam "St Petersburg"]
[BlackTeam "Belgium"]
[WhiteTeamCountry "RUS"]
[BlackTeamCountry "BEL"]

1. Nf3 d5 2. d4 Nf6 3. c4 e6 4. g3 Be7 5. Bg2 0-0 6. 0-0 b6 7. Nc3 Bb7 8. Ne5 Qc8 9. cxd5 Nxd5 10. e4 Nxc3 11. bxc3 Nd7 12. f4 Nf6 13. d5 exd5 14. exd5 Rd8 15. c4 c6 16. Bb2 cxd5 17. Qf3 Rb8 18. cxd5 Bxd5 19. Qe2 Bc5+ 20. Kh1 Qb7 21. Rad1 Bxg2+ 1/2-1/2

[Event "WchT Seniors 65"]
[Site "Radebeul"]
[Date "2016.06.30"]
[Round "5.4"]
[White "Maes, Valeer"]
[Black "Witte, Manfred"]
[Result "1/2-1/2"]
[WhiteElo "2084"]
[BlackElo "2205"]
[PlyCount "35"]
[EventDate "2016.06.26"]
[EventType "team-swiss"]
[EventRounds "9"]
[EventCountry "GER"]
[SourceTitle "CBM 173 Extra"]
[Source "ChessBase"]
[SourceDate "2016.08.29"]
[SourceVersion "1"]
[SourceVersionDate "2016.08.29"]
[SourceQuality "1"]
[WhiteTeam "Belgium"]
[BlackTeam "Berlin"]
[WhiteTeamCountry "BEL"]
[BlackTeamCountry "GER"]

1. d4 Nf6 2. Nf3 c5 3. e3 g6 4. c4 Bg7 5. Nc3 0-0 6. Be2 cxd4 7. exd4 d5 8. 0-0 Nc6 9. h3 b6 10. Be3 dxc4 11. Bxc4 Nb4 12. Qb3 Nc6 13. Ne5 Nxe5 14. dxe5 Ne8 15. Rad1 Qc7 16. f4 e6 17. Nb5 Qe7 18. Nd6 1/2-1/2

[Event "WchT Seniors 65"]
[Site "Radebeul"]
[Date "2016.06.29"]
[Round "4.4"]
[White "Gruzmann, Boris"]
[Black "Maes, Valeer"]
[Result "1-0"]
[WhiteElo "2202"]
[BlackElo "2084"]
[PlyCount "45"]
[EventDate "2016.06.26"]
[EventType "team-swiss"]
[EventRounds "9"]
[EventCountry "GER"]
[SourceTitle "CBM 173 Extra"]
[Source "ChessBase"]
[SourceDate "2016.08.29"]
[SourceVersion "1"]
[SourceVersionDate "2016.08.29"]
[SourceQuality "1"]
[WhiteTeam "Germany II"]
[BlackTeam "Belgium"]
[WhiteTeamCountry "GER"]
[BlackTeamCountry "BEL"]

1. e4 e6 2. d4 d5 3. e5 b6 4. c3 Qd7 5. Nf3 Ne7 6. a4 a5 7. Na3 Ba6 8. Bxa6 Nxa6 9. 0-0 c5 10. Nb5 Nc6 11. Bf4 cxd4 12. cxd4 Be7 13. Ng5 h6 14. Qh5 Rf8 15. Nh3 0-0-0 16. Qg4 g5 17. Be3 f5 18. exf6 Rxf6 19. f4 gxf4 20. Rxf4 Rdf8 21. Rxf6 Rxf6 22. Nf4 Rf5 23. Qg8+ 1-0

[Event "Bad Woerishofen Seniors op 32nd"]
[Site "Bad Woerishofen"]
[Date "2016.03.03"]
[Round "7"]
[White "Hoeschele, Hans Ulrich"]
[Black "Maes, Valeer"]
[Result "1/2-1/2"]
[WhiteElo "1979"]
[BlackElo "2110"]
[PlyCount "40"]
[EventDate "2016.02.26"]
[EventType "swiss"]
[EventRounds "9"]
[EventCountry "GER"]
[SourceTitle "EXT 2019"]
[Source "ChessBase"]
[SourceDate "2018.10.10"]
[SourceVersion "1"]
[SourceVersionDate "2018.10.10"]
[SourceQuality "1"]

1. d4 d5 2. Nf3 Nf6 3. g3 c6 4. Nbd2 Bf5 5. Bg2 e6 6. a3 h6 7. c4 Nbd7 8. 0-0 Be7 9. b3 0-0 10. Bb2 Ne4 11. Ne1 Nxd2 12. Qxd2 a5 13. Rc1 Qb6 14. Rc3 Nf6 15. c5 Qc7 16. f3 b6 17. Nd3 Bxd3 18. cxb6 Qxb6 19. Qxd3 c5 20. dxc5 Bxc5+ 1/2-1/2

[Event "Bad Woerishofen Seniors op 32nd"]
[Site "Bad Woerishofen"]
[Date "2016.03.02"]
[Round "6"]
[White "Maes, Valeer"]
[Black "Oppermann, Peter"]
[Result "1-0"]
[WhiteElo "2110"]
[BlackElo "1933"]
[PlyCount "61"]
[EventDate "2016.02.26"]
[EventType "swiss"]
[EventRounds "9"]
[EventCountry "GER"]
[SourceTitle "EXT 2019"]
[Source "ChessBase"]
[SourceDate "2018.10.10"]
[SourceVersion "1"]
[SourceVersionDate "2018.10.10"]
[SourceQuality "1"]

1. d4 Nf6 2. Nf3 g6 3. Nbd2 d5 4. e3 Bg7 5. b4 0-0 6. c4 c6 7. Bb2 Nbd7 8. Qb3 Re8 9. Rc1 e6 10. Bd3 Nf8 11. a4 Bd7 12. 0-0 Qe7 13. Ba3 Rec8 14. b5 Qd8 15. e4 dxe4 16. Nxe4 Nxe4 17. Bxe4 Qc7 18. g3 f5 19. Bd3 Kh8 20. Rfe1 h6 21. Re2 Re8 22. Rce1 Rad8 23. Ne5 Bxe5 24. Rxe5 Bc8 25. d5 c5 26. Bb2 Kh7 27. R5e2 Qf7 28. Qc3 Qg8 29. Qa5 Rd7 30. Qxa7 Qf7 31. Qxc5 1-0

[Event "Bad Woerishofen Seniors op 32nd"]
[Site "Bad Woerishofen"]
[Date "2016.03.01"]
[Round "5"]
[White "Zschorsch, Peter"]
[Black "Maes, Valeer"]
[Result "1/2-1/2"]
[WhiteElo "1941"]
[BlackElo "2110"]
[PlyCount "25"]
[EventDate "2016.02.26"]
[EventType "swiss"]
[EventRounds "9"]
[EventCountry "GER"]
[SourceTitle "EXT 2019"]
[Source "ChessBase"]
[SourceDate "2018.10.10"]
[SourceVersion "1"]
[SourceVersionDate "2018.10.10"]
[SourceQuality "1"]

1. e4 e6 2. d4 d5 3. Nd2 c5 4. exd5 exd5 5. dxc5 Bxc5 6. Ngf3 Nf6 7. Bb5+ Nc6 8. Qe2+ Be7 9. Ne5 Bd7 10. Nxd7 Qxd7 11. 0-0 0-0 12. Nf3 Bd6 13. Bxc6 1/2-1/2

[Event "NED-chT 1516"]
[Site "Netherlands"]
[Date "2016.01.09"]
[Round "5.9"]
[White "Maes, Valeer"]
[Black "Lai, Hing Ting"]
[Result "1/2-1/2"]
[WhiteElo "2118"]
[BlackElo "2334"]
[PlyCount "109"]
[EventDate "2015.09.26"]
[EventType "team-tourn"]
[EventRounds "9"]
[EventCountry "NED"]
[SourceTitle "CBM 170 Extra"]
[Source "ChessBase"]
[SourceDate "2016.02.25"]
[SourceVersion "1"]
[SourceVersionDate "2016.02.25"]
[SourceQuality "1"]
[WhiteTeam "Charlois Europoort"]
[BlackTeam "Rotterdam Pathena"]
[WhiteTeamCountry "NED"]
[BlackTeamCountry "NED"]

1. d4 Nf6 2. Nf3 e6 3. Bf4 c5 4. e3 Be7 5. h3 cxd4 6. exd4 b6 7. Nbd2 Bb7 8. Bd3 0-0 9. 0-0 d6 10. Re1 Nbd7 11. c3 Qc7 12. Bh2 Rfe8 13. a4 a6 14. Rc1 Bf8 15. Nc4 Bc6 16. Nfd2 b5 17. axb5 axb5 18. Ne3 Qb7 19. Bf1 e5 20. Ra1 Rxa1 21. Qxa1 Qb6 22. Nc2 Bb7 23. Qd1 g6 24. Nf3 e4 25. Nd2 Bh6 26. Ne3 d5 27. Be2 Bf8 28. Qb3 b4 29. Ra1 Rc8 30. Nb1 Bc6 31. Ra6 Qb7 32. Qa2 bxc3 33. Nxc3 Bb4 34. Ra7 Qb6 35. Ra6 Qb7 36. Bf4 h5 37. Nc2 Bxc3 38. bxc3 Bb5 39. Ra7 Qb6 40. Ra8 Rxa8 41. Qxa8+ Kg7 42. Bxb5 Qxb5 43. Ne3 Qb3 44. Qc6 Qb6 45. Qa8 Qe6 46. Qc8 Nb6 47. Qc7 Nfd7 48. g4 hxg4 49. hxg4 f6 50. Kg2 Kf7 51. Qb7 Nc4 52. Nxd5 Qxg4+ 53. Bg3 Qf3+ 54. Kh2 Qh5+ 55. Kg2 1/2-1/2

[Event "NED-chT 1516"]
[Site "Netherlands"]
[Date "2015.09.26"]
[Round "1.9"]
[White "Vedder, Henk"]
[Black "Maes, Valeer"]
[Result "1-0"]
[WhiteElo "2365"]
[BlackElo "2118"]
[PlyCount "79"]
[EventDate "2015.09.26"]
[EventType "team-tourn"]
[EventRounds "9"]
[EventCountry "NED"]
[SourceTitle "CBM 168 Extra"]
[Source "ChessBase"]
[SourceDate "2015.10.29"]
[SourceVersion "1"]
[SourceVersionDate "2015.10.29"]
[SourceQuality "1"]
[WhiteTeam "En Passant"]
[BlackTeam "Charlois Europoort"]
[WhiteTeamCountry "NED"]
[BlackTeamCountry "NED"]

1. e4 d5 2. exd5 Qxd5 3. Nf3 Nf6 4. c4 Qd8 5. d4 c6 6. Nc3 Bg4 7. Be2 e6 8. h3 Bxf3 9. Bxf3 Be7 10. 0-0 0-0 11. Re1 Re8 12. Be3 Nbd7 13. Bf4 Qb6 14. a3 a5 15. Na4 Qd8 16. Qb3 Ra7 17. Be3 Bf8 18. Rad1 Qc7 19. d5 Raa8 20. Nb6 Rad8 21. Nxd7 Nxd7 22. Bg5 f6 23. Bh4 Nc5 24. Qc3 a4 25. Bh5 Re7 26. dxe6 Rxe6 27. Bg3 Rxd1 28. Rxd1 Qe7 29. Bg4 Re4 30. Qa5 Qe8 31. Rd8 Qe7 32. Bd6 Re1+ 33. Kh2 Qxd6+ 34. Rxd6 Bxd6+ 35. g3 Re8 36. Kg2 g6 37. Bd1 Nd3 38. Qd2 Ne1+ 39. Kf1 Bc5 40. Be2 1-0

[Event "NED-chT 1415"]
[Site "Netherlands"]
[Date "2015.02.07"]
[Round "5.10"]
[White "Van der Heijden, Ton"]
[Black "Maes, Valeer"]
[Result "1-0"]
[WhiteElo "2295"]
[BlackElo "2157"]
[PlyCount "85"]
[EventDate "2014.09.27"]
[EventType "team-tourn"]
[EventRounds "9"]
[EventCountry "NED"]
[SourceTitle "EXT 2016"]
[Source "ChessBase"]
[SourceDate "2015.10.08"]
[SourceVersion "1"]
[SourceVersionDate "2015.10.08"]
[SourceQuality "1"]
[WhiteTeam "BSG"]
[BlackTeam "Charlois Europoort"]
[WhiteTeamCountry "NED"]
[BlackTeamCountry "NED"]

1. d4 e6 2. Nf3 Nf6 3. c4 d5 4. Nc3 Be7 5. Bg5 0-0 6. e3 b6 7. cxd5 Nxd5 8. Bxe7 Qxe7 9. Nxd5 exd5 10. Bd3 Be6 11. Rc1 Rc8 12. Qa4 c5 13. dxc5 bxc5 14. Qa3 a5 15. 0-0 Ra7 16. e4 dxe4 17. Bxe4 Bxa2 18. Bxh7+ Kxh7 19. Qxa2 Nd7 20. Rfe1 Qf6 21. b4 a4 22. Re4 g6 23. h4 Nf8 24. Ng5+ Kg7 25. bxc5 a3 26. Rb4 Ne6 27. Rb6 Re8 28. Nxe6+ Rxe6 29. Rxe6 Qxe6 30. Qxe6 fxe6 31. c6 Rc7 32. Ra1 Rxc6 33. Rxa3 Rc4 34. Ra7+ Kf6 35. g3 Rc8 36. Kg2 Rh8 37. f4 Rc8 38. Kh3 Rc5 39. Kg4 e5 40. Ra6+ Kg7 41. f5 gxf5+ 42. Kxf5 Rc3 43. g4 1-0

[Event "EU-chT Seniors 15th"]
[Site "Dresden"]
[Date "2013.07.23"]
[Round "4"]
[White "Kahn, Peter"]
[Black "Maes, Valeer"]
[Result "1/2-1/2"]
[WhiteElo "2129"]
[BlackElo "2182"]
[PlyCount "70"]
[EventDate "2013.07.20"]
[EventType "team-swiss"]
[EventRounds "9"]
[EventCountry "GER"]
[SourceTitle "CBM 155 Extra"]
[Source "ChessBase"]
[SourceDate "2013.08.26"]
[SourceVersion "1"]
[SourceVersionDate "2013.08.26"]
[SourceQuality "1"]
[WhiteTeam "Dresden USV TU"]
[BlackTeam "Belgium"]
[WhiteTeamCountry "GER"]
[BlackTeamCountry "BEL"]

1. e4 e6 2. d4 d5 3. Nd2 a6 4. Ngf3 c5 5. exd5 exd5 6. dxc5 Bxc5 7. Nb3 Ba7 8. Be2 Nf6 9. 0-0 h6 10. Nfd4 Nc6 11. c3 0-0 12. Bf4 Re8 13. Bf3 Ne5 14. Bxe5 Rxe5 15. Re1 Rxe1+ 16. Qxe1 Bd7 17. Qe2 Qc7 18. Re1 Re8 19. Qd1 Rxe1+ 20. Qxe1 Bg4 21. Bxd5 Nxd5 22. Qe8+ Kh7 23. Qe4+ g6 24. Qxd5 Qe7 25. Kf1 Bd1 26. g3 Bg4 27. Kg2 Kg8 28. Nd2 Qe1 29. Ne4 Bxd4 30. Qxd4 Be2 31. Nd2 Qd1 32. Qe3 Bb5 33. f3 Bc6 34. Qf2 Qa1 35. Ne4 Bxe4 1/2-1/2

[Event "EU-chT Seniors 15th"]
[Site "Dresden"]
[Date "2013.07.20"]
[Round "1"]
[White "Maes, Valeer"]
[Black "Franke, Roland"]
[Result "1/2-1/2"]
[WhiteElo "2182"]
[BlackElo "1991"]
[PlyCount "52"]
[EventDate "2013.07.20"]
[EventType "team-swiss"]
[EventRounds "9"]
[EventCountry "GER"]
[SourceTitle "CBM 155 Extra"]
[Source "ChessBase"]
[SourceDate "2013.08.26"]
[SourceVersion "1"]
[SourceVersionDate "2013.08.26"]
[SourceQuality "1"]
[WhiteTeam "Belgium"]
[BlackTeam "Halle Saale Schachbund"]
[WhiteTeamCountry "BEL"]
[BlackTeamCountry "GER"]

1. d4 Nf6 2. Nf3 g6 3. Bg5 Bg7 4. Nbd2 d5 5. e3 h6 6. Bh4 Nbd7 7. c4 c6 8. cxd5 cxd5 9. Be2 0-0 10. 0-0 g5 11. Bg3 Nh5 12. Qc2 Nxg3 13. hxg3 Nf6 14. Rfc1 Bg4 15. Bd3 Rc8 16. Qb3 Rc7 17. Qa3 Bxf3 18. Nxf3 a6 19. b3 Ne8 20. Rxc7 Qxc7 21. Rc1 Qd7 22. Qc5 e6 23. Ne5 Bxe5 24. dxe5 f6 25. exf6 Nxf6 26. Qc7 Qxc7 1/2-1/2

[Event "Helmond Legibus op"]
[Site "Helmond"]
[Date "2013.06.29"]
[Round "3"]
[White "Dgebuadze, Alexandre"]
[Black "Maes, Valeer"]
[Result "1-0"]
[WhiteElo "2512"]
[BlackElo "2182"]
[PlyCount "67"]
[EventDate "2013.06.29"]
[EventType "swiss (rapid)"]
[EventRounds "9"]
[EventCountry "NED"]
[SourceTitle "CBM 155 Extra"]
[Source "ChessBase"]
[SourceDate "2013.08.26"]
[SourceVersion "1"]
[SourceVersionDate "2013.08.26"]
[SourceQuality "1"]

1. e4 e6 2. d3 d5 3. Qe2 Be7 4. Nf3 Nf6 5. g3 b6 6. e5 Nfd7 7. Bg2 Bb7 8. 0-0 c5 9. c4 dxc4 10. dxc4 Nc6 11. Rd1 Qc7 12. Nc3 a6 13. Bf4 0-0-0 14. Nd5 exd5 15. e6 Bd6 16. Bxd6 Qxd6 17. exd7+ Qxd7 18. cxd5 Qe7 19. Qc4 Ne5 20. Nxe5 Qxe5 21. b4 b5 22. Qxc5+ Kb8 23. Re1 Qf6 24. a4 bxa4 25. Qa5 Rd6 26. Qxa4 Rb6 27. b5 Rd8 28. Rab1 Rxb5 29. Rxb5 axb5 30. Qxb5 Qd6 31. Rb1 Rd7 32. h4 Rc7 33. Qe8+ Rc8 34. Qc6 1-0

[Event "BEL-chT 1213"]
[Site "Belgium"]
[Date "2012.10.21"]
[Round "3.1"]
[White "David, Alberto"]
[Black "Maes, Valeer"]
[Result "1-0"]
[WhiteElo "2599"]
[BlackElo "2172"]
[PlyCount "67"]
[EventDate "2012.09.23"]
[EventType "team-tourn"]
[EventRounds "11"]
[EventCountry "BEL"]
[SourceTitle "EXT 2013"]
[Source "ChessBase"]
[SourceDate "2012.11.22"]
[SourceVersion "1"]
[SourceVersionDate "2012.11.22"]
[SourceQuality "1"]
[WhiteTeam "Charleroi CREC"]
[BlackTeam "Eynatten II"]
[WhiteTeamCountry "BEL"]
[BlackTeamCountry "BEL"]

1. Nf3 d5 2. d4 Bf5 3. c4 e6 4. Nc3 c6 5. Qb3 Qb6 6. c5 Qc7 7. Bf4 Qc8 8. Nh4 Be7 9. Nxf5 exf5 10. e3 Nf6 11. Bd3 g6 12. h3 Nbd7 13. Qd1 b6 14. cxb6 Nxb6 15. Rc1 Qe6 16. 0-0 0-0 17. Ba6 Rad8 18. Ne2 Nh5 19. Qc2 Nxf4 20. Nxf4 Qf6 21. Qxc6 Rd6 22. Qc2 Rfd8 23. Bb5 Bf8 24. Nd3 Rc8 25. Qb3 Rdd8 26. a4 a5 27. Ne5 Rxc1 28. Rxc1 Bb4 29. Rc6 Rd6 30. Rc7 Qd8 31. Rc2 Re6 32. Nc6 Qf8 33. Nxb4 axb4 34. a5 1-0

[Event "BEL-chT 1011"]
[Site "Belgium"]
[Date "2010.10.10"]
[Round "2.7"]
[White "Maes, Valeer"]
[Black "Sclacmender, Julien"]
[Result "0-1"]
[WhiteElo "2172"]
[BlackElo "2228"]
[PlyCount "104"]
[EventDate "2010.09.26"]
[EventType "team-tourn"]
[EventRounds "11"]
[EventCountry "BEL"]
[SourceTitle "EXT 2012"]
[Source "ChessBase"]
[SourceDate "2011.11.24"]
[SourceVersion "1"]
[SourceVersionDate "2011.11.24"]
[SourceQuality "1"]
[WhiteTeam "Eynatten II"]
[BlackTeam "Charleroi CREC"]
[WhiteTeamCountry "BEL"]
[BlackTeamCountry "BEL"]

1. d4 Nf6 2. Nf3 g6 3. c3 Bg7 4. Bg5 c6 5. Nbd2 d5 6. e3 0-0 7. Be2 Nbd7 8. 0-0 Qe8 9. c4 e5 10. Bxf6 Bxf6 11. cxd5 cxd5 12. dxe5 Nxe5 13. Nd4 Nc6 14. N2f3 Bd7 15. Qd2 Qe7 16. Rac1 Rac8 17. Rfd1 Rfd8 18. h3 Bg7 19. Bf1 Qf6 20. g3 h5 21. Bg2 g5 22. h4 g4 23. Nxc6 bxc6 24. Nd4 c5 25. Nb3 Ba4 26. Qa5 Bxb3 27. axb3 d4 28. exd4 Rxd4 29. Qxa7 Qd6 30. Rf1 Rd2 31. Rce1 Bd4 32. Qe7 Qxe7 33. Rxe7 Bxb2 34. Ra7 Kg7 35. Ra2 Rcd8 36. Rb1 Be5 37. Rxd2 Rxd2 38. Be4 Bd4 39. Rf1 Kf6 40. Kg2 Ke5 41. Bc6 Rb2 42. Be8 Kf6 43. Ba4 Kg7 44. Kg1 f5 45. Kg2 Kf6 46. Kg1 f4 47. gxf4 Kf5 48. Bd7+ Kxf4 49. Be6 g3 50. Kg2 Rc2 51. Kh3 gxf2 52. Kg2 Rc3 0-1

[Event "BEL-chT 1011"]
[Site "Belgium"]
[Date "2010.09.26"]
[Round "1.4"]
[White "Maes, Valeer"]
[Black "Hammes, Michael"]
[Result "1/2-1/2"]
[WhiteElo "2172"]
[BlackElo "2393"]
[PlyCount "46"]
[EventDate "2010.09.26"]
[EventType "team-tourn"]
[EventRounds "11"]
[EventCountry "BEL"]
[SourceTitle "EXT 2012"]
[Source "ChessBase"]
[SourceDate "2011.11.24"]
[SourceVersion "1"]
[SourceVersionDate "2011.11.24"]
[SourceQuality "1"]
[WhiteTeam "Eynatten II"]
[BlackTeam "Eynatten"]
[WhiteTeamCountry "BEL"]
[BlackTeamCountry "BEL"]

1. d4 f5 2. g3 Nf6 3. Bg2 g6 4. Nd2 Nc6 5. c3 Bg7 6. e4 fxe4 7. Nxe4 Nxe4 8. Bxe4 e5 9. dxe5 Nxe5 10. Nf3 Nf7 11. 0-0 c6 12. Re1 0-0 13. Nd4 d5 14. Bg2 Qf6 15. f3 Bd7 16. Bf4 Rae8 17. Qd2 Nd6 18. Rxe8 Rxe8 19. Re1 Nc4 20. Rxe8+ Bxe8 21. Qe2 Bd7 22. Bc1 Qe5 23. Bf1 Nd6 1/2-1/2

[Event "EU-chT Seniors 12th"]
[Site "Dresden"]
[Date "2010.02.14"]
[Round "5"]
[White "Rychlik, Kurt"]
[Black "Maes, Valeer"]
[Result "1-0"]
[WhiteElo "2075"]
[BlackElo "2163"]
[PlyCount "73"]
[EventDate "2010.02.10"]
[EventType "team-swiss"]
[EventRounds "9"]
[EventCountry "GER"]
[SourceTitle "CBM 134 Extra"]
[Source "ChessBase"]
[SourceDate "2010.03.03"]
[SourceVersion "1"]
[SourceVersionDate "2010.03.03"]
[SourceQuality "1"]
[WhiteTeam "Widukind (Seniors)"]
[BlackTeam "Belgium (Seniors)"]
[WhiteTeamCountry "GER"]
[BlackTeamCountry "BEL"]

1. d4 d5 2. c4 e6 3. Nc3 Nf6 4. Nf3 Be7 5. e3 0-0 6. Qc2 c5 7. cxd5 exd5 8. dxc5 Bxc5 9. a3 Nc6 10. b4 Bb6 11. Na4 Bc7 12. Bb2 Qe7 13. Be2 Bg4 14. 0-0 Rac8 15. Qd2 Ne4 16. Qd1 Rfd8 17. Nd4 Bxe2 18. Qxe2 Ne5 19. f3 Nf6 20. Nc5 Bb8 21. Nf5 Qf8 22. Nxb7 Re8 23. Bd4 g6 24. Ng3 Qe7 25. Nc5 Nc6 26. Bxf6 Qxf6 27. Rad1 Qc3 28. Rd3 Qd4 29. Qd2 Qh4 30. Rxd5 Bxg3 31. hxg3 Qxg3 32. e4 Ne5 33. Qf2 Qf4 34. g3 Qf6 35. Kg2 Qe6 36. Nxe6 fxe6 37. Rxe5 1-0

[Event "EU-chT Seniors 12th"]
[Site "Dresden"]
[Date "2010.02.12"]
[Round "3"]
[White "Barz, Hans Werner"]
[Black "Maes, Valeer"]
[Result "0-1"]
[WhiteElo "2030"]
[BlackElo "2163"]
[PlyCount "41"]
[EventDate "2010.02.10"]
[EventType "team-swiss"]
[EventRounds "9"]
[EventCountry "GER"]
[SourceTitle "CBM 134 Extra"]
[Source "ChessBase"]
[SourceDate "2010.03.03"]
[SourceVersion "1"]
[SourceVersionDate "2010.03.03"]
[SourceQuality "1"]
[WhiteTeam "Dresden Striesen (Seniors)"]
[BlackTeam "Belgium (Seniors)"]
[WhiteTeamCountry "GER"]
[BlackTeamCountry "BEL"]

1. e4 e6 2. d4 d5 3. Nc3 Nc6 4. Nf3 Nf6 5. Bg5 Be7 6. Bxf6 Bxf6 7. e5 Be7 8. Ne2 f6 9. Nf4 0-0 10. Nd3 fxe5 11. dxe5 Bd7 12. Be2 Na5 13. 0-0 c5 14. c3 Nc6 15. b3 b5 16. c4 dxc4 17. bxc4 b4 18. Nd2 Nd4 19. f4 Bc6 20. Ne1 Nxe2+ 21. Qxe2 0-1

[Event "EU-chT Seniors 12th"]
[Site "Dresden"]
[Date "2010.02.10"]
[Round "1"]
[White "Kluger, Hans Peter"]
[Black "Maes, Valeer"]
[Result "0-1"]
[WhiteElo "1960"]
[BlackElo "2163"]
[PlyCount "98"]
[EventDate "2010.02.10"]
[EventType "team-swiss"]
[EventRounds "9"]
[EventCountry "GER"]
[SourceTitle "CBM 134 Extra"]
[Source "ChessBase"]
[SourceDate "2010.03.03"]
[SourceVersion "1"]
[SourceVersionDate "2010.03.03"]
[SourceQuality "1"]
[WhiteTeam "Widukind (Seniors) II"]
[BlackTeam "Belgium (Seniors)"]
[WhiteTeamCountry "GER"]
[BlackTeamCountry "BEL"]

1. Nf3 d5 2. d4 Nf6 3. g3 Bf5 4. Bg2 e6 5. Bg5 Nbd7 6. 0-0 h6 7. Bf4 Be7 8. Nbd2 0-0 9. c4 c6 10. Rc1 Ne4 11. a3 a5 12. Qb3 Ra7 13. c5 a4 14. Qd1 b6 15. Nxe4 Bxe4 16. Ne5 Nxe5 17. Bxe4 Nc4 18. Bb1 bxc5 19. Qc2 f5 20. dxc5 e5 21. Be3 Ra5 22. Ba2 Nxe3 23. fxe3 Bxc5 24. Qd2 Qb6 25. Rc3 Rb5 26. Qc1 f4 27. Rf3 Bxe3+ 28. Rfxe3 fxe3 29. Rxc6 Qd4 30. Rc3 Qd2 31. Rc2 Qxc1+ 32. Rxc1 Kh8 33. Rc2 d4 34. Be6 Rfb8 35. b4 axb3 36. Rb2 Ra5 37. Rxb3 Rxb3 38. Bxb3 Rxa3 39. Bc2 Ra2 40. Bd3 e4 41. Bc4 Rd2 42. Kf1 d3 43. exd3 exd3 44. Ke1 g5 45. h3 Kg7 46. g4 Kf6 47. Bb5 Ke5 48. Ba6 Kd4 49. Bb7 Rb2 0-1